| 000 | 00542nam a22001457a 4500 | ||
|---|---|---|---|
| 082 | _a629.8 | ||
| 100 |
_aAli, Adnan _926850 |
||
| 245 |
_aEffect of Image Resolution on The Classification of Cells in Peripheral Blood Smear / _cAdnan Ali |
||
| 264 |
_aIslamabad : _bSMME- NUST; _c2022. |
||
| 300 |
_a55p. _bSoft Copy _c30cm |
||
| 650 |
_aMS Robotics and Intelligent Machine Engineering _9119486 |
||
| 700 |
_aSupervisor : Dr. Karam Dad Kallu _9119537 |
||
| 856 | _uhttp://10.250.8.41:8080/xmlui/handle/123456789/30562 | ||
| 942 |
_2ddc _cTHE |
||
| 999 |
_c609004 _d609004 |
||